[Event "Forchheim op-B 15th"]
[Site "Forchheim"]
[Date "2016.10.01"]
[Round "2"]
[White "Hummel, Thomas"]
[Black "Knauer, Olaf"]
[Result "1-0"]
[WhiteElo "1906"]
[BlackElo "1834"]
[PlyCount "69"]
[EventDate "2016.10.01"]
[EventType "swiss"]
[EventRounds "5"]
[EventCountry "GER"]
[SourceTitle "EXT 2019"]
[Source "ChessBase"]
[SourceDate "2018.10.10"]
[SourceVersion "1"]
[SourceVersionDate "2018.10.10"]
[SourceQuality "1"]

1. b4 d5 2. Bb2 Nf6 3. Nf3 c6 4. e3 g6 5. Be2 Bg7 6. d3 0-0 7. Nbd2 Nbd7 8. c4 b6 9. a4 Bb7 10. 0-0 a5 11. b5 dxc4 12. Nxc4 cxb5 13. axb5 Bd5 14. Nfd2 Nc5 15. Bd4 Nfd7 16. Bxg7 Kxg7 17. d4 Ne4 18. Nxe4 Bxe4 19. f3 Bb7 20. e4 Rc8 21. Qd2 Rc7 22. Rac1 Qb8 23. Qe3 Ba8 24. Bd3 Ra7 25. g4 Rh8 26. e5 Bd5 27. Be4 Qb7 28. Nd2 a4 29. Rc3 Bxe4 30. fxe4 e6 31. Nc4 Rf8 32. Nd6 Qa8 33. Qf4 a3 34. Rh3 Nxe5 35. Qh6+ 1-0

[Event "Forchheim op-B 15th"]
[Site "Forchheim"]
[Date "2016.10.01"]
[Round "1"]
[White "Petrashov, Alexander"]
[Black "Hummel, Thomas"]
[Result "1/2-1/2"]
[WhiteElo "1785"]
[BlackElo "1906"]
[PlyCount "42"]
[EventDate "2016.10.01"]
[EventType "swiss"]
[EventRounds "5"]
[EventCountry "GER"]
[SourceTitle "EXT 2019"]
[Source "ChessBase"]
[SourceDate "2018.10.10"]
[SourceVersion "1"]
[SourceVersionDate "2018.10.10"]
[SourceQuality "1"]

1. d4 g6 2. c4 d6 3. Nc3 Bg7 4. e4 Nf6 5. Bd3 c6 6. Nge2 Qc7 7. 0-0 Nbd7 8. f4 e5 9. c5 dxc5 10. dxe5 Ng8 11. Ng3 Ne7 12. Qb3 Qb6 13. Qc4 Qb4 14. e6 fxe6 15. Be3 Qxc4 16. Bxc4 Nb6 17. Bb3 Bd4 18. Bxd4 cxd4 19. Nce2 c5 20. Rac1 d3 21. Nc3 Bd7 1/2-1/2

[Event "Forchheim op-B 14th"]
[Site "Forchheim"]
[Date "2015.10.03"]
[Round "2"]
[White "Corral, Carlos"]
[Black "Hummel, Thomas"]
[Result "1/2-1/2"]
[WhiteElo "2010"]
[BlackElo "1947"]
[PlyCount "58"]
[EventDate "2015.10.02"]
[EventType "swiss"]
[EventRounds "5"]
[EventCountry "GER"]
[SourceTitle "EXT 2019"]
[Source "ChessBase"]
[SourceDate "2018.10.10"]
[SourceVersion "1"]
[SourceVersionDate "2018.10.10"]
[SourceQuality "1"]

1. e4 Nf6 2. Nc3 d6 3. d4 g6 4. h3 Bg7 5. Be3 c6 6. a4 a5 7. Nge2 Qc7 8. g4 h5 9. g5 Ng8 10. Bg2 e6 11. 0-0 Ne7 12. f4 d5 13. Ng3 dxe4 14. Ncxe4 Nf5 15. Nxf5 exf5 16. Nf6+ Bxf6 17. gxf6 Be6 18. d5 cxd5 19. Bxd5 Bxd5 20. Qxd5 0-0 21. Rad1 Na6 22. c4 Rfe8 23. Bd4 Nb4 24. Qb5 Re2 25. c5 Rae8 26. Be5 R2xe5 27. fxe5 Qxe5 28. Rf3 Nc6 29. Kf2 Qxf6 1/2-1/2

[Event "Forchheim op-B 13th"]
[Site "Forchheim"]
[Date "2014.10.05"]
[Round "5"]
[White "Hummel, Thomas"]
[Black "Adler, Herbert"]
[Result "1-0"]
[WhiteElo "1871"]
[BlackElo "2010"]
[PlyCount "111"]
[EventDate "2014.10.03"]
[EventType "swiss"]
[EventRounds "5"]
[EventCountry "GER"]
[SourceTitle "EXT 2019"]
[Source "ChessBase"]
[SourceDate "2018.10.10"]
[SourceVersion "1"]
[SourceVersionDate "2018.10.10"]
[SourceQuality "1"]

1. b3 Nf6 2. Bb2 e6 3. Nf3 d5 4. g3 Nbd7 5. Bg2 Bd6 6. d4 b6 7. 0-0 c5 8. e3 Bb7 9. Nbd2 Qe7 10. Ne5 0-0 11. f4 Rac8 12. Re1 Rc7 13. c4 Rfc8 14. cxd5 exd5 15. Rc1 Re8 16. Bh3 Nf8 17. Bf5 Bc8 18. Bb1 Ne4 19. Nxe4 dxe4 20. Bxe4 Bb7 21. Bxb7 Rxb7 22. Qf3 Rc7 23. Qg4 Qe6 24. Qf3 Bxe5 25. fxe5 Rd8 26. Red1 Rcd7 27. Bc3 Ng6 28. h4 Ne7 29. dxc5 bxc5 30. Rxd7 Qxd7 31. Ba5 Qd5 32. Kf2 Rc8 33. Qxd5 Nxd5 34. b4 c4 35. e4 Nb6 36. Bxb6 axb6 37. a4 Kf8 38. Ke3 Ra8 39. Kd4 Rd8+ 40. Kc3 Ke7 41. Rc2 Rc8 42. Rd2 Ra8 43. Ra2 b5 44. a5 Kd7 45. Rd2+ Kc7 46. Rd5 Rb8 47. g4 h5 48. gxh5 Kc6 49. Rd6+ Kc7 50. h6 gxh6 51. Rxh6 Rd8 52. Rh7 Rd3+ 53. Kc2 Rb3 54. Rxf7+ Kc8 55. a6 Kb8 56. e6 1-0

[Event "Forchheim op-B 13th"]
[Site "Forchheim"]
[Date "2014.10.04"]
[Round "3"]
[White "Langer, Simon"]
[Black "Hummel, Thomas"]
[Result "0-1"]
[WhiteElo "1864"]
[BlackElo "1871"]
[PlyCount "88"]
[EventDate "2014.10.03"]
[EventType "swiss"]
[EventRounds "5"]
[EventCountry "GER"]
[SourceTitle "EXT 2019"]
[Source "ChessBase"]
[SourceDate "2018.10.10"]
[SourceVersion "1"]
[SourceVersionDate "2018.10.10"]
[SourceQuality "1"]

1. e4 g6 2. d4 Bg7 3. f4 d6 4. Nf3 Nf6 5. Bd3 0-0 6. 0-0 Bg4 7. h3 Bxf3 8. Qxf3 c6 9. c4 Qb6 10. Be3 Qxb2 11. Nd2 Qb6 12. Rab1 Qc7 13. Rb3 Nbd7 14. Rfb1 b6 15. e5 Ne8 16. Ne4 e6 17. d5 exd5 18. cxd5 c5 19. e6 fxe6 20. dxe6 Ne5 21. Qg3 Nxd3 22. Rxd3 Qe7 23. Qg4 Nf6 24. Nxf6+ Rxf6 25. f5 Rxf5 26. Bf4 Bd4+ 27. Be3 Be5 28. Qe4 Re8 29. g4 Qxe6 30. Kg2 Rf7 31. Rbd1 Qxa2+ 32. R1d2 Qe6 33. Qa4 Ref8 34. Bh6 Qf6 35. Qd1 Rd8 36. Re2 Qe7 37. Qd2 Qb7+ 38. Kg1 Bd4+ 39. Be3 Rdf8 40. Bxd4 Rf1+ 41. Kh2 cxd4 42. Rxd4 Qh1+ 43. Kg3 R1f3+ 44. Kh4 Qxh3+ 0-1

[Event "Forchheim op-B 13th"]
[Site "Forchheim"]
[Date "2014.10.03"]
[Round "1"]
[White "Fluechter, Markus"]
[Black "Hummel, Thomas"]
[Result "0-1"]
[WhiteElo "1674"]
[BlackElo "1871"]
[PlyCount "68"]
[EventDate "2014.10.03"]
[EventType "swiss"]
[EventRounds "5"]
[EventCountry "GER"]
[SourceTitle "EXT 2019"]
[Source "ChessBase"]
[SourceDate "2018.10.10"]
[SourceVersion "1"]
[SourceVersionDate "2018.10.10"]
[SourceQuality "1"]

1. e4 g6 2. d4 d6 3. Nf3 Bg7 4. Be2 Nf6 5. Nc3 Bg4 6. 0-0 0-0 7. Be3 c6 8. h3 Bxf3 9. Bxf3 Qc7 10. Qd2 Rd8 11. Rad1 Nbd7 12. Ne2 Nb6 13. b3 e5 14. c4 Rac8 15. d5 cxd5 16. cxd5 Nbd7 17. Rc1 Qb8 18. Qb4 b6 19. Nc3 Nc5 20. Be2 Ne8 21. f3 f5 22. g3 Rc7 23. Nb5 Rf7 24. Bf2 fxe4 25. fxe4 Nf6 26. Bxc5 bxc5 27. Qa4 Bh6 28. Rc3 Qb6 29. Qc4 a6 30. Na3 Qb4 31. Rcf3 Rdf8 32. Qxa6 Qxe4 33. Qd3 Qxd3 34. Bxd3 e4 0-1

[Event "Steinfurt Bezirksliga 1314"]
[Site "Germany"]
[Date "2014.02.15"]
[Round "6.2"]
[White "Lueke, Reinhard"]
[Black "Hummel, Thomas"]
[Result "1-0"]
[WhiteElo "1861"]
[BlackElo "1740"]
[PlyCount "65"]
[EventDate "2013.09.14"]
[EventType "team-tourn"]
[EventRounds "9"]
[EventCountry "GER"]
[SourceTitle "EXT 2015"]
[Source "ChessBase"]
[SourceDate "2014.11.20"]
[SourceVersion "1"]
[SourceVersionDate "2014.11.20"]
[SourceQuality "1"]
[WhiteTeam "Emsdetten Turm III"]
[BlackTeam "Emsdetten Rochade III"]
[WhiteTeamCountry "GER"]
[BlackTeamCountry "GER"]

1. c4 f5 2. Nc3 b6 3. d4 Nf6 4. Nf3 Bb7 5. Bf4 e6 6. Rc1 Be7 7. h3 0-0 8. e3 Nc6 9. Be2 a6 10. 0-0 Rc8 11. d5 exd5 12. cxd5 Nb4 13. Bc4 Kh8 14. a3 Ne4 15. axb4 Bxb4 16. Nxe4 fxe4 17. Ng5 Qe8 18. Qd4 c6 19. Nxe4 Rf5 20. Ng3 Rf6 21. h4 Bc5 22. Qd3 a5 23. h5 h6 24. Ba2 cxd5 25. Bb1 Qg8 26. Be5 Re6 27. Bc3 Bd6 28. Nf5 Be5 29. Bxe5 Rxe5 30. Nd6 Rb8 31. Nxb7 Rf8 32. Nd6 Rxh5 33. Rc8 1-0

[Event "Nuremberg Zabo op 15th"]
[Site "Nuremberg"]
[Date "2013.09.20"]
[Round "1"]
[White "Hummel, Thomas"]
[Black "Promyshlyanskiy, Vitaliy"]
[Result "0-1"]
[WhiteElo "1629"]
[BlackElo "2180"]
[PlyCount "82"]
[EventDate "2013.09.20"]
[EventType "swiss"]
[EventRounds "5"]
[EventCountry "GER"]
[SourceTitle "EXT 2016"]
[Source "ChessBase"]
[SourceDate "2015.10.08"]
[SourceVersion "1"]
[SourceVersionDate "2015.10.08"]
[SourceQuality "1"]

1. Nf3 Nf6 2. b3 g6 3. Bb2 Bg7 4. e3 d6 5. d4 Nbd7 6. c4 0-0 7. Be2 e5 8. d5 Qe7 9. Nc3 Nc5 10. b4 Nce4 11. Nxe4 Nxe4 12. Nd2 Bf5 13. Nxe4 Bxe4 14. f3 Bf5 15. e4 Bd7 16. 0-0 a5 17. a3 f5 18. Bd3 h5 19. Bc3 axb4 20. axb4 Bh6 21. Qe2 Qg5 22. Ra5 h4 23. Kh1 Qh5 24. Bd2 Bg5 25. Rfa1 Rae8 26. Ra7 Bc8 27. c5 Re7 28. Be3 f4 29. Bf2 h3 30. R7a2 hxg2+ 31. Kxg2 Rh7 32. Bg1 Be7 33. Kh1 g5 34. cxd6 cxd6 35. Bb6 Kh8 36. Rg1 Rg8 37. Qg2 Bh3 38. Qf2 g4 39. Bf1 g3 40. Qe2 Bxf1 41. Qxf1 Qxh2+ 0-1

[Event "Steinfurt Bezirksliga 1112"]
[Site "Germany"]
[Date "2012.05.05"]
[Round "8.3"]
[White "Hummel, Thomas"]
[Black "Hartmann, Viktor"]
[Result "1-0"]
[WhiteElo "1620"]
[BlackElo "1737"]
[PlyCount "137"]
[EventDate "2011.10.01"]
[EventType "team-tourn"]
[EventRounds "9"]
[EventCountry "GER"]
[SourceTitle "EXT 2013"]
[Source "ChessBase"]
[SourceDate "2012.11.22"]
[SourceVersion "1"]
[SourceVersionDate "2012.11.22"]
[SourceQuality "1"]
[WhiteTeam "Emsdetten Rochade III"]
[BlackTeam "Ibbenbueren II"]
[WhiteTeamCountry "GER"]
[BlackTeamCountry "GER"]

1. c4 c5 2. Nc3 d6 3. g3 Nc6 4. Bg2 Nf6 5. e3 g6 6. d4 Bd7 7. Nge2 Bg7 8. 0-0 0-0 9. b3 Qc8 10. Bb2 Bh3 11. Nf4 Bxg2 12. Kxg2 e6 13. Nb5 Rd8 14. Qf3 a6 15. Na3 Nd7 16. Nc2 b5 17. Rad1 bxc4 18. bxc4 Nb4 19. Nxb4 cxb4 20. Rc1 a5 21. Nd3 Qc7 22. c5 d5 23. h4 Nf6 24. Qf4 Qe7 25. a3 b3 26. Bc3 Ne4 27. Ne5 Rdc8 28. f3 Nf6 29. g4 Ne8 30. Rh1 f6 31. Nd3 Nc7 32. Nb2 e5 33. Qg3 Nb5 34. Na4 Nxc3 35. Rxc3 exd4 36. exd4 Rab8 37. Rb1 Qe2+ 38. Qf2 Qa2 39. Qxa2 bxa2 40. Ra1 f5 41. Rd3 fxg4 42. fxg4 Re8 43. Rxa2 Re4 44. Kh3 Rc8 45. Nb6 Rc6 46. Nxd5 Kf7 47. Rad2 h6 48. Nb6 Bxd4 49. Rxd4 Rxd4 50. Rxd4 Rxc5 51. Rd3 Rb5 52. Nc4 Rc5 53. Nd6+ Ke6 54. Kg3 Ke5 55. Kf3 h5 56. gxh5 gxh5 57. Ne4 Rb5 58. Rc3 Kd4 59. Kf4 a4 60. Rg3 Rb1 61. Nf6 Rb5 62. Ne4 Rb1 63. Nd6 Rb6 64. Nf5+ Kc4 65. Kg5 Rb5 66. Kg6 Re5 67. Rf3 Kd5 68. Kxh5 Ke4 69. Re3+ 1-0

[Event "Augsburg Afro op-A 18th"]
[Site "Augsburg"]
[Date "2011.08.07"]
[Round "7"]
[White "Bauer, Bernd"]
[Black "Hummel, Thomas"]
[Result "1-0"]
[WhiteElo "2002"]
[BlackElo "1734"]
[PlyCount "115"]
[EventDate "2011.08.04"]
[EventType "swiss"]
[EventRounds "7"]
[EventCountry "GER"]
[SourceTitle "EXT 2015"]
[Source "ChessBase"]
[SourceDate "2014.11.20"]
[SourceVersion "1"]
[SourceVersionDate "2014.11.20"]
[SourceQuality "1"]

1. e4 Nf6 2. Nc3 d6 3. d4 g6 4. Be3 Bg7 5. Be2 c6 6. a4 a5 7. h3 Nbd7 8. Nf3 Qc7 9. 0-0 0-0 10. Qd2 Rd8 11. Bh6 Bh8 12. Rad1 Nf8 13. e5 dxe5 14. Nxe5 Be6 15. Qe3 N8d7 16. Nd3 Bg7 17. Bxg7 Kxg7 18. Rfe1 Re8 19. Bf3 Rad8 20. Rd2 Nb6 21. Ne5 Nc4 22. Nxc4 Bxc4 23. b3 Be6 24. Ne2 Bd5 25. Ng3 Bxf3 26. Qxf3 Rd7 27. Ne4 Nxe4 28. Rxe4 c5 29. d5 f6 30. c4 b6 31. Re6 Rf8 32. Rde2 Rf7 33. g3 Kg8 34. Rc6 Qb8 35. Ree6 Rb7 36. Qe3 Kg7 37. h4 h5 38. Kg2 Kh7 39. Qe1 Kg7 40. Qe3 Kh7 41. d6 Qe8 42. dxe7 Rfxe7 43. Rxb6 Rxe6 44. Rxb7+ Kg8 45. Qxc5 Qd8 46. Qd5 Qe8 47. Ra7 Qc6 48. Qxc6 Rxc6 49. Rxa5 Kf7 50. Kf3 Re6 51. Ra7+ Ke8 52. b4 Kd8 53. c5 Kc8 54. b5 Kb8 55. Rg7 f5 56. b6 Ka8 57. a5 Kb8 58. a6 1-0

[Event "Augsburg Afro op-A 18th"]
[Site "Augsburg"]
[Date "2011.08.06"]
[Round "5"]
[White "Braig, Elmar"]
[Black "Hummel, Thomas"]
[Result "0-1"]
[WhiteElo "1851"]
[BlackElo "1734"]
[PlyCount "70"]
[EventDate "2011.08.04"]
[EventType "swiss"]
[EventRounds "7"]
[EventCountry "GER"]
[SourceTitle "EXT 2015"]
[Source "ChessBase"]
[SourceDate "2014.11.20"]
[SourceVersion "1"]
[SourceVersionDate "2014.11.20"]
[SourceQuality "1"]

1. e4 Nf6 2. Nc3 d6 3. d4 g6 4. Be2 Bg7 5. Be3 0-0 6. g4 c5 7. g5 Nfd7 8. f4 Nc6 9. Nf3 Qb6 10. Na4 Qa5+ 11. Nc3 Qb4 12. 0-0 cxd4 13. Nd5 Qxb2 14. Rb1 Qxa2 15. Nxd4 Bxd4 16. Bxd4 Qa4 17. Ba1 Qxe4 18. Bf3 Qa4 19. Rb4 Qa5 20. Nxe7+ Nxe7 21. Qd4 f6 22. Qxd6 Qc5+ 23. Qxc5 Nxc5 24. gxf6 Nf5 25. Rb5 Ne6 26. Bd5 a6 27. Rb6 Ne3 28. Bxe6+ Bxe6 29. Rxe6 Nxf1 30. Kxf1 Rac8 31. Re2 Rfe8 32. Rg2 Rcd8 33. Bc3 Rd1+ 34. Kf2 Rc1 35. Kf3 Rc8 0-1

[Event "Augsburg Afro op-A 18th"]
[Site "Augsburg"]
[Date "2011.08.06"]
[Round "6"]
[White "Hummel, Thomas"]
[Black "Haugg, Gerhard"]
[Result "1-0"]
[WhiteElo "1734"]
[BlackElo "1942"]
[PlyCount "107"]
[EventDate "2011.08.04"]
[EventType "swiss"]
[EventRounds "7"]
[EventCountry "GER"]
[SourceTitle "EXT 2015"]
[Source "ChessBase"]
[SourceDate "2014.11.20"]
[SourceVersion "1"]
[SourceVersionDate "2014.11.20"]
[SourceQuality "1"]

1. b4 c6 2. Nf3 a5 3. bxa5 Qxa5 4. e3 e5 5. Be2 d6 6. 0-0 g6 7. Bb2 Bg7 8. d4 e4 9. Nfd2 d5 10. c4 Ne7 11. Nc3 0-0 12. Qc2 Na6 13. a3 Be6 14. Nb3 Qc7 15. c5 Rfb8 16. Na4 Nc8 17. Bc3 Bf8 18. Rfb1 f5 19. g3 g5 20. Bd2 Qf7 21. Rf1 Qd7 22. f3 b5 23. Nb2 Nc7 24. Bb4 Be7 25. Nd2 Ra7 26. Rfb1 Rba8 27. Nd1 Qe8 28. Nc3 Na6 29. Qb2 Bf6 30. a4 Nxb4 31. Qxb4 exf3 32. Bxf3 Bf7 33. Kf2 g4 34. Bg2 Bg5 35. Nf1 Bd8 36. Qb3 Bc7 37. Ra2 bxa4 38. Rxa4 Ne7 39. Rxa7 Rxa7 40. Ne2 Qa8 41. Nf4 Kg7 42. Rb2 Ng8 43. Nd2 Nf6 44. Bf1 Qe8 45. Bd3 Ne4+ 46. Nxe4 fxe4 47. Be2 h5 48. Ra2 Qa8 49. Rxa7 Qxa7 50. Bd1 Kf6 51. Qa4 Qb7 52. Be2 Be8 53. Nxd5+ Kf7 54. Nc3 1-0

[Event "NED-ch op U18"]
[Site "Enschede"]
[Date "2010.08.13"]
[Round "8"]
[White "Komen, Jan Pjotr"]
[Black "Hummel, Thomas"]
[Result "0-1"]
[WhiteElo "1708"]
[BlackElo "1950"]
[PlyCount "54"]
[EventDate "2010.08.09"]
[EventType "swiss"]
[EventRounds "9"]
[EventCountry "NED"]
[SourceTitle "CBM 137 Extra"]
[Source "ChessBase"]
[SourceDate "2010.09.01"]
[SourceVersion "1"]
[SourceVersionDate "2010.09.01"]
[SourceQuality "1"]

1. d4 f5 2. e4 fxe4 3. Nc3 Nf6 4. g4 e6 5. g5 Nd5 6. Nxe4 Be7 7. Bd2 Nc6 8. Nf3 d6 9. c3 e5 10. Bc4 Be6 11. Qb3 Na5 12. Qa4+ c6 13. Bd3 b5 14. Qc2 Bh3 15. Rg1 Rf8 16. Rg3 Bf5 17. Nxd6+ Bxd6 18. Bxf5 exd4 19. 0-0-0 Bxg3 20. Re1+ Ne7 21. Qe4 Bxf2 22. Bg6+ hxg6 23. Qxg6+ Kd7 24. Qe6+ Kc7 25. cxd4 Bxe1 26. Bxe1 Nc4 27. Ne5 Qd6 0-1

[Event "Enschede op-A U18"]
[Site "Enschede"]
[Date "2009.08.04"]
[Round "3"]
[White "Hummel, Thomas"]
[Black "Ng, Deborah2222"]
[Result "1-0"]
[WhiteElo "1751"]
[BlackElo "1570"]
[PlyCount "119"]
[EventDate "2009.08.03"]
[EventType "swiss"]
[EventRounds "9"]
[EventCountry "NED"]
[SourceTitle "CBM 132 Extra"]
[Source "ChessBase"]
[SourceDate "2009.11.03"]
[SourceVersion "1"]
[SourceVersionDate "2009.11.03"]
[SourceQuality "1"]

1. c4 c5 2. Nc3 Nc6 3. g3 g6 4. Bg2 Nf6 5. e3 Bg7 6. Nge2 0-0 7. 0-0 e6 8. d4 cxd4 9. exd4 d5 10. cxd5 Nxd5 11. Nxd5 exd5 12. Be3 Bf5 13. Qb3 Qd7 14. Qxd5 Qxd5 15. Bxd5 Rac8 16. Rac1 Bd3 17. Bxc6 Bxe2 18. Rfe1 Ba6 19. Be4 Rfd8 20. b3 Rxc1 21. Rxc1 Bxd4 22. Rd1 Bf6 23. Rxd8+ Bxd8 24. Bxa7 Kg7 25. Bd4+ f6 26. f4 b6 27. Kf2 Bc8 28. Ke3 Kf7 29. Kd3 Ba6+ 30. Kc3 Ke6 31. b4 f5 32. Bc2 Bb7 33. Bb3+ Bd5 34. Bc4 Kd6 35. Be5+ Kc6 36. Kd4 Bxc4 37. Kxc4 b5+ 38. Kd3 Kd5 39. h3 Bb6 40. g4 fxg4 41. hxg4 g5 42. Bb8 gxf4 43. Bxf4 Bd4 44. Bd2 Bb6 45. Kc3 Kc6 46. Kb3 Kd5 47. a4 bxa4+ 48. Kxa4 Kc4 49. b5 Kd3 50. Ba5 Ba7 51. Bd8 Ke4 52. Kb4 Kf4 53. g5 Kf5 54. Kc4 Kg6 55. Kd5 h6 56. gxh6 Kxh6 57. Kc6 Be3 58. Be7 Ba7 59. Bc5 Bb8 60. b6 1-0

[Event "Twente Young Master op-B"]
[Site "Twente"]
[Date "2007.08.06"]
[Round "1"]
[White "Hummel, Thomas"]
[Black "Van Rijn, Giel"]
[Result "0-1"]
[WhiteElo "1586"]
[BlackElo "1937"]
[PlyCount "24"]
[EventDate "2007.08.06"]
[EventType "swiss"]
[EventRounds "9"]
[EventCountry "NED"]
[SourceTitle "EXT 2008"]
[Source "ChessBase"]
[SourceDate "2007.11.25"]
[SourceVersion "1"]
[SourceVersionDate "2007.11.25"]
[SourceQuality "1"]

1. e4 c5 2. Nf3 e6 3. d4 cxd4 4. Nxd4 Nf6 5. Nc3 Nc6 6. Nxc6 bxc6 7. Bg5 Bb4 8. e5 Qa5 9. Bxf6 Bxc3+ 10. bxc3 Qxc3+ 11. Ke2 Ba6+ 12. Qd3 Bxd3+ 0-1

[Event "Hengelo U14 op"]
[Site "Hengelo"]
[Date "2005.08.11"]
[Round "6"]
[White "Hummel, Thomas"]
[Black "Kampman, Jasper"]
[Result "1-0"]
[WhiteElo "1457"]
[BlackElo "1163"]
[PlyCount "73"]
[EventDate "2005.08.??"]
[EventType "swiss"]
[EventRounds "9"]
[EventCountry "NED"]
[SourceTitle "CBM 107 Extra"]
[Source "ChessBase"]
[SourceDate "2005.09.01"]
[SourceVersion "1"]
[SourceVersionDate "2005.09.01"]
[SourceQuality "1"]

1. e4 e5 2. Nf3 Nc6 3. d4 exd4 4. Nxd4 Nxd4 5. Qxd4 d6 6. Nc3 Nf6 7. Bg5 Be7 8. 0-0-0 Be6 9. Bc4 0-0 10. h4 Ng4 11. Bxe7 Qxe7 12. Bxe6 fxe6 13. f3 Ne5 14. Rdf1 a6 15. f4 Nc6 16. Qe3 Rad8 17. h5 h6 18. g4 d5 19. exd5 exd5 20. Qg3 d4 21. Re1 Qc5 22. Ne4 Qc4 23. b3 Qb4 24. g5 Kh8 25. gxh6 gxh6 26. Qg6 Qe7 27. Qxh6+ Qh7 28. Qxh7+ Kxh7 29. Ng5+ Kh6 30. Ne6 Rxf4 31. Nxf4 Nb4 32. Rhg1 Rf8 33. Rg6+ Kh7 34. Re7+ Kh8 35. Ne6 Rf5 36. Rh6+ Kg8 37. Rg7# 1-0

[Event "Hengelo U14 op"]
[Site "Hengelo"]
[Date "2005.08.08"]
[Round "1"]
[White "Tan, Jonathan1111"]
[Black "Hummel, Thomas"]
[Result "1-0"]
[WhiteElo "1925"]
[BlackElo "1457"]
[PlyCount "34"]
[EventDate "2005.08.??"]
[EventType "swiss"]
[EventRounds "9"]
[EventCountry "NED"]
[SourceTitle "CBM 107 Extra"]
[Source "ChessBase"]
[SourceDate "2005.09.01"]
[SourceVersion "1"]
[SourceVersionDate "2005.09.01"]
[SourceQuality "1"]

1. e4 e5 2. Nf3 Nc6 3. d4 exd4 4. Bc4 Bb4+ 5. c3 dxc3 6. bxc3 Bc5 7. Bxf7+ Kxf7 8. Qd5+ Ke8 9. Qh5+ g6 10. Qxc5 d6 11. Qc4 Bg4 12. Nbd2 Nf6 13. 0-0 Qe7 14. Ba3 Bxf3 15. Nxf3 Kd8 16. Rfe1 Re8 17. Bxd6 Qxd6 1-0